00450 a2200133 4500020001500000090001500015100002100030245005200051260002000103300000800123942002500131999001900156952014100175 a0170090396 c4768d4768 aAlan R Nankervis aReadings in Strategic Human Resource Management aNew South Wales a412 aNBScBKk658.301 NAN c347199d347199 00152ddc4070aCLbCLd2013-08-28o658.301 NANpNBS7380r2013-08-28w2013-08-28yBKzWrite off File No.0908/IRC/NBS Dated Aug 16, 2018